书目信息 |
| 题名: |
激励学生自信坚韧的励志故事
|
|
| 作者: | ;成长必读编委会 编著 | |
| 分册: | ||
| 出版信息: | 北京 京华出版社 2009.02 |
|
| 页数: | 205页 | |
| 开本: | 24cm | |
| 丛书名: | 中国学生综合能力培养必读 | |
| 单 册: | ||
| 中图分类: | I14 | |
| 科图分类: | ||
| 主题词: | 故事--作品集--世界--选集 | |
| 电子资源: | ||
| ISBN: | 978-7-80724-626-8 | |
| 000 | 00911nam 2200265 450 | |
| 001 | CALB0120110905804m | |
| 005 | 20110302095810.81 | |
| 010 | @a978-7-80724-626-8@dCNY26.80 | |
| 099 | @aCALB0120110905804m | |
| 100 | @a20090610d2009 a y0chiy0110 ea | |
| 101 | 0 | @achi |
| 102 | @aCN@b110000 | |
| 105 | @ay z 000fy | |
| 200 | 1 | @a激励学生自信坚韧的励志故事@Aji li xue sheng zi xin jian ren de li zhi gu shi@f成长必读编委会编著 |
| 210 | @a北京@c京华出版社@d2009.02 | |
| 215 | @a205页@c图@d24cm | |
| 225 | 2 | @a中国学生综合能力培养必读 |
| 330 | @a本书从梦想、目标、心态、意志、习惯等多个方面出发,精选励志故事,并在每个故事后附有“成长在线”,进行点评。 | |
| 410 | 0 | @12001 @a中国学生综合能力培养必读 |
| 606 | 0 | @a故事@x作品集@y世界@j选集 |
| 690 | @aI14@v4 | |
| 711 | 02 | @a成长必读编委会@Acheng zhang bi du bian wei hui@4编著 |
| 801 | 0 | @c20110302 |
| 905 | @aZUCC@dI14@eC67512@f3 | |
| 998 | @aKMXY | |
| 激励学生自信坚韧的励志故事/成长必读编委会编著.-北京:京华出版社,2009.02 |
| 205页:图;24cm.-(中国学生综合能力培养必读) |
| ISBN 978-7-80724-626-8:CNY26.80 |
| 本书从梦想、目标、心态、意志、习惯等多个方面出发,精选励志故事,并在每个故事后附有“成长在线”,进行点评。 |
| ● |
| 相关链接 |
|
|
|
正题名:激励学生自信坚韧的励志故事
索取号:I14/C67512
 
预约/预借
| 序号 | 登录号 | 条形码 | 馆藏地/架位号 | 状态 | 备注 |
| 1 | 1188007 | 211880071 | 文学库108/108文学库 2排2列1层/ [索取号:I14/C67512] | 在馆 | |
| 2 | 1188008 | 211880080 | 文学库108/ [索取号:I14/C67512] | 在馆 | |
| 3 | 1188009 | 211880099 | 文学库108/108文学库 2排2列1层/ [索取号:I14/C67512] | 在馆 |